On This Day: March 19th II Quiz Stats

 Plays Quiz Updated Mar 19, 2018

Score 0/7 Timer 03:00
0 Plays Today
Question Answer Wrong Answers
This popular American actor, known for playing John McClane in the ‘Die Hard’ film series, is born.
1955
Bruce Willis
92.5%
Sylvester Stallone
1.5%
Nicolas Cage
1.4%
John Travolta
0.8%
After Muammar Gaddafi's forces fail to take Benghazi, the French Air Force launches Opération Harmattan, beginning foreign military intervention in ______.
2011
Libya
84.1%
Algeria
5.1%
Chad
2.4%
Tunisia
3.5%
The United States House of Representatives begins broadcasting its day-to-day business via this cable television network.
1979
C-SPAN
77.5%
PBS
11%
WGBH-TV
2.8%
WNET
4.4%
The First Taranaki War between the Māori and the ______ Government ends.
1861
New Zealand
71.6%
Australia
14%
Papua New Guinea
7.5%
Fiji
6.9%
The flag of this nation is raised at Taba, marking the end of Israeli occupation since the Yom Kippur War in 1973.
1989
Egypt
68.9%
Iran
9.6%
Turkey
8%
Saudi Arabia
8.9%
While Adolf Hitler met with Regent Miklós Horthy in Austria, German troops quietly moved into ______, in what was a surprise occupation.
1944
Hungary
68.1%
Switzerland
10.5%
Spain
3.2%
Denmark
15%
This country rejects the Treaty of Versailles for a second time.
1920
United States
20.8%
Italy
5.8%
Germany
59.2%
France
11.7%

You're not logged in!

Compare scores with friends on all Sporcle quizzes.
OR
Log In

Sporcle TV

Today on Sporcle TV


Watch our educational content, quiz creation guides, and fun videos on Sporcle TV.

Show Comments

Extras

Top Quizzes Today


Score Distribution

Your Account Isn't Verified!

In order to create a playlist on Sporcle, you need to verify the email address you used during registration. Go to your Sporcle Settings to finish the process.

Report this User

Report this user for behavior that violates our Community Guidelines.

Details: